Statistics for Guess the Country by very small satellite image

Click here to take the quiz!

General Stats

  • This quiz has been taken 29 times
  • The average score is 7 of 12

Answer Stats

Answer% Correct
Norway
92%
Portugal
84%
Canada
76%
Nicaragua
76%
Russia
72%
DR Congo
60%
Afghanistan
56%
Chile
52%
Madagascar
44%
Philippines
44%
Kenya
32%
Ukraine
16%

Score Distribution

Percentile by Number Answered

Percent of People with Each Score

Your Score History

You have not taken this quiz